La búsqueda del absoluto / (Record no. 169105)

MARC details
000 -LEADER
campo de control de longitud fija 00805nam a22002415i 4500
001 - NÚMERO DE CONTROL
campo de control 169105
003 - IDENTIFICADOR DE NÚMERO DE CONTROL
campo de control ES-MaACL
005 - FECHA Y HORA DE LA ÚLTIMA TRANSACCIÓN
campo de control 20250809195005.0
008 - DATOS DE LONGITUD FIJA--INFORMACIÓN GENERAL
campo de control de longitud fija 080813s2007 sp |||| | spa d
020 ## - NÚMERO INTERNACIONAL ESTÁNDAR DEL LIBRO
Número Internacional Estándar del Libro 978-84-935578-2-9
080 ## - NÚMERO DE LA CLASIFICACIÓN DECIMAL UNIVERSAL
Número de la Clasificación Decimal Universal 821.133.1-31"18"
100 1# - ENTRADA PRINCIPAL--NOMBRE DE PERSONA
Nombre de persona Balzac, Honoré de,
Fechas asociadas al nombre 1799-1850
9 (RLIN) 25139
245 13 - MENCIÓN DEL TÍTULO
Título La búsqueda del absoluto /
Mención de responsabilidad, etc. Honoré de Balzac ; presentación de Carlos Pujol ; traducción de Javier Albiñana.
250 ## - MENCION DE EDICION
Mención de edición 1ª ed. en Nórdica Libros.
260 ## - PUBLICACIÓN, DISTRIBUCIÓN, ETC.
Lugar de publicación, distribución, etc. Madrid :
Nombre del editor, distribuidor, etc. Nórdica Libros,
Fecha de publicación, distribución, etc. 2007.
300 ## - DESCRIPCIÓN FÍSICA
Extensión 295 p. ;
Dimensiones 23 cm.
490 1# - MENCIÓN DE SERIE
Mención de serie Otras latitudes ;
Designación de volumen o secuencia 5
700 1# - ENTRADA AGREGADA--NOMBRE PERSONAL
Nombre de persona Pujol, Carlos,
Fechas asociadas al nombre 1936-2012
9 (RLIN) 94332
700 1# - ENTRADA AGREGADA--NOMBRE PERSONAL
Nombre de persona Albiñana, Javier.
9 (RLIN) 19383
830 1# - PUNTO DE ACCESO ADICIONAL DE SERIE-TÍTULO UNIFORME
Título uniforme Otras latitudes ;
Designación de volumen o secuencia 5
9 (RLIN) 222784
852 ## - LOCALIZACIÓN
Ubicación ES-MaACL
Número de control de estantería L-29523
Holdings
Estatus retirado Estado de pérdida Estado de daño No para préstamo Biblioteca de origen Biblioteca actual Ubicación en estantería Fecha de adquisición Fuente de adquisición Total de préstamos Signatura topográfica completa Código de barras Visto por última vez Precio de reemplazo Tipo de ítem Koha
        Biblioteca del Ateneo de Madrid Biblioteca del Ateneo de Madrid Depósito 2 13/08/2008     L-29523 1177529 23/02/2023 23/02/2023 Libro impreso